1990s Disney Cartoons Quiz Stats

 Plays Quiz not verified by Sporcle

Challenge
Share
Tweet
Embed
Score 0/19 Timer 07:00
0 Plays Today
Hint Cartoon Name % Correct
Features a superhero with the secret identity of 'Drake Mallard'Darkwing Duck
73.5%
Based on the son of a Greek GodHercules
70.3%
Star's a Famous Disney Dog and his son MaxGoof Troop
68.7%
Featurs Baloo, a character in Disney's 'Jungle Book'TaleSpin
63.9%
Based on the 1992 Movie of the same nameAladdin
58.6%
Based off of a 1989 Disney Film with the same nameThe Little Mermaid
56%
The series focuses on six elementary school students and their interaction with other classmates and teachersRecess
51.8%
Loosely based on a Disney movie that introduced 'The Flying V'The Mighty Ducks
39.2%
Premise of the show is a Washed up cartoon, out of a job, becomes a Cop and is partnered with Detective Lucky Piquel and solves crimes in Hollywood, CABonkers
36.7%
Main character is GoliathGargoyles
35.1%
Hint Cartoon Name % Correct
The show centers on the title character, a 12-year-old girl whose emotions come out in fantasies.Pepper Ann
24.5%
The show centers on the adventures of a famous Disney Duck and his nephewsQuack Pack
22.1%
Based on a 1961 Disney movie101 Dalmatians
21.7%
This Cartoon was based on main characters of a 1967 movie.Jungle Cubs
16.1%
Stars a Meek-rat and a WarthogThe Lion King's Timon & Pumbaa
11.4%
The series focused on the young boy as he dealt with his fears and problems through his nightmaresNightmare Ned
9.4%
The series dealt with a lead Disney character's adventures post-stardomRaw Toonage
8.8%
created to recreate the golden age of Disney's animated shorts, featuring some of Disney’s most popular characters.Mickey Mouse Works
8.2%
This animated series actually follows three different cartoon scenarios along with a few other segments.The Schnookums and Meat Funny Cartoon Show
2.2%

You're not logged in!

Compare scores with friends on all Sporcle quizzes.
OR
Log In

You Might Also Like...

Show Comments

Extras

Top Quizzes Today


Score Distribution

Your Account Isn't Verified!

In order to create a playlist on Sporcle, you need to verify the email address you used during registration. Go to your Sporcle Settings to finish the process.

Report this User

Report this user for behavior that violates our Community Guidelines.

Details: